Statistiques concernant Les plus grandes villes d'Algérie

Cliquez ici pour prendre le quiz!

Statistiques générales

  • Ce quiz a été pris 3 375 fois
  • Le résultat moyen est 9 sur 20

Statistiques - réponses

PopulationVille% Correct
2 364 230Alger
100%
803 329Oran
98%
448 028Constantine
81%
342 703Annaba
74%
176 139Béjaia
74%
252 127Sétif
69%
173 531Tlemcen
67%
162 885Mostaganem
51%
331 779Blida
46%
289 504Batna
39%
204 661Biskra
39%
182 903Skikda
38%
210 146Sidi Bel Abbès
32%
165 241Béchar
23%
158 812Bordj Bou Arreridj
18%
265 833Djelfa
16%
178 915Tiaret
15%
169 927Ouargla
14%
194 461Tébessa
14%
186 525El Oued
13%

Distribution des résultats

Percentile par nombre de réponses

% des personnes avec chaque résultat

Votre développement - résultats

Vous n’avez pas pris ce quiz